000 01352nam a22003857a 4500
003 CHAP
005 20220329141036.0
008 971013s1996 r 00010 d
010 _a61744
011 _a62716
035 _a66891
040 _cCHAP
090 _aTesis
100 0 0 _aTorres Peñate, Roberto.
_9114197
245 _aCaracterización de tres especies del género Passiflora en el ejido Nueva Betania municipio de Palenque, edo. de Chiapas
260 _aChapingo, Méx. :
_bEl autor,
_c1996
300 _a81 h.
502 _aTesis (Ing. Agr. Esp. en Fitotecnia) --UACH. Departamento de Fitotecnia
590 _aALEPH
_b10
_c20130110
_lUCH01
_h1344
590 _aBATCH-UPD
_b10
_c20130110
_lUCH01
_h0433
590 _aBATCH-UPD
_b10
_c20130110
_lUCH01
_h2356
590 _aBATCH-UPD
_b10
_c20130410
_lUCH01
_h0108
590 _aBATCH-UPD
_b10
_c20130914
_lUCH01
_h1901
590 _aCONVERSION
_b10
_c20130109
_lUCH01
_h1333
650 1 4 _aPasifloraceas.
_985860
650 1 4 _aPassiflora ambigua.
_985883
650 1 4 _aPassiflora biflora.
_985884
650 1 4 _aPassiflora foetida.
_985885
650 1 4 _aPassiflora guatemalensis.
_985886
650 1 4 _aPassiflora serratifolia.
_985888
901 _aBK
942 _cFOLL
949 _bBC
_cTES
_d-152130
_eTS1
_h30666
_i66891
_si
949 _bBC
_cTES
_d33724000641783
_eTS2
_fc.2
_h30667
_i66891
_si
999 _c61744
_d61744